| 000 | 00644nam a2200277Ia 4500 | ||
|---|---|---|---|
| 005 | 20260324133951.0 | ||
| 008 | 008 260324s9999 xx 000 0 eng d | ||
| 020 | _a9780429219313 | ||
| 037 | _aEBOOK | ||
| 040 | _aCRL | ||
| 040 | _beng | ||
| 040 | _cCRL | ||
| 041 | _2eng | ||
| 041 | _aeng | ||
| 084 | _qCRL | ||
| 100 |
_aJ.I. Mason _91195068 |
||
| 245 | 0 | _aGenetics of Steroid Biosynthesis and Function | |
| 260 | _bTaylor and Francis | ||
| 260 | _c2002 | ||
| 365 | _a | ||
| 365 | _b450 | ||
| 856 | _uhttp://www.taylorfrancis.com/books/9780429219313 | ||
| 942 | _cEBOOK | ||
| 999 |
_c1794664 _d1794664 |
||